000
00306nam a22001457a 4500
008
230707b ||||| |||| 00| 0 eng d
020
_a
9780262720311
041
_a
eng
080
_a
159.9
082
_a
159.9VAL
100
_a
25
101
_a
PSI
245
_a
WHY SO SLOW
_c
VALIAN.V
942
_2
udc
_c
BK
999
_c
60120
_d
60120